000 00549nam a2200193Ia 4500
003 OSt
005 20200804111845.0
008 190216s9999||||xx |||||||||||||| ||und||
020 _a8122401201
020 _a9788122401202
040 _coclc
082 _a510
_bJOS/F
100 _aJoshi, K D
_93777
245 0 _aFoundations Of Discrete Mathematics /
_cK D Joshi
260 _bNew Age International Publishers,
_c2003.
_aNew Delhi:
300 _a748p
650 _aMathematics
942 _cBK
_2ddc
_h510
_iJOS/F
_k510
_mJOS/F
999 _c32128
_d32128